00193nam a2200085Ia 4500008004100000100001700041245003400058260000900092300000600101180219s9999 xx 000 0 und d aMehta Neeraj 0aApplied Physics For Engineers c2011 a0